00684 2200169 4500245006100000020001800061250001100079100001400090700002000104650001700124005001900141260003300160041001400193084000800207300002800215500027100243 aDamn ! Love SM Entertainment Salah Gaulc@vjheru93hText a979-795-695-4 aCet. 2 a@vjheru93 a@shaunmbeesheep aNovel Remaja a20231010125023 aJakartabPT Wahyumediac2013 aIndonesia a813 ax + 310, 12,7 x 19 cm : aElo semua masih inget kan, buku SM Entertainment salah gaul yang biasa lo singkat SMSG? Yap bener, buku yang bisa bikin elo ketawa ngakak nggak berhenti sampe tumpeh-tumpeh. Nah, @SMenteSalahGaul bakal kasih elo kejutan gokil lagi dengan menghadirkannya di buku ini.